<?xml version="1.0" encoding="UTF-8"?>
<record
    xmlns:xsi="http://www.w3.org/2001/XMLSchema-instance"
    xsi:schemaLocation="http://www.loc.gov/MARC21/slim http://www.loc.gov/standards/marcxml/schema/MARC21slim.xsd"
    xmlns="http://www.loc.gov/MARC21/slim">

  <leader>01985cam a22003135a 4500</leader>
  <controlfield tag="001">ssj0001553219</controlfield>
  <controlfield tag="003">OSt</controlfield>
  <controlfield tag="005">20170426121254.0</controlfield>
  <controlfield tag="008">150311t2016    maua   frb    001 0 eng d</controlfield>
  <datafield tag="020" ind1=" " ind2=" ">
    <subfield code="a">9781284067620</subfield>
  </datafield>
  <datafield tag="040" ind1=" " ind2=" ">
    <subfield code="a">DNLM/DLC</subfield>
    <subfield code="c">DLC</subfield>
    <subfield code="d">DLC</subfield>
    <subfield code="d">WaSeSS</subfield>
    <subfield code="d">EG-ScBUE</subfield>
    <subfield code="b">eng</subfield>
  </datafield>
  <datafield tag="043" ind1=" " ind2=" ">
    <subfield code="a">n-us---</subfield>
  </datafield>
  <datafield tag="082" ind1="0" ind2="4">
    <subfield code="2">22</subfield>
    <subfield code="a">362.173068</subfield>
    <subfield code="b">MAN</subfield>
  </datafield>
  <datafield tag="245" ind1="0" ind2="0">
    <subfield code="a">Management and leadership for nurse administrators /</subfield>
    <subfield code="c">edited by Linda Roussel, Patricia L. Thomas, James L. Harris.</subfield>
  </datafield>
  <datafield tag="250" ind1=" " ind2=" ">
    <subfield code="a">7th ed.</subfield>
  </datafield>
  <datafield tag="260" ind1=" " ind2=" ">
    <subfield code="a">Burlington :</subfield>
    <subfield code="b">Jones &amp; Bartlett Learning,</subfield>
    <subfield code="c">c.2016.</subfield>
  </datafield>
  <datafield tag="300" ind1=" " ind2=" ">
    <subfield code="a">xxxvii, 470 p. :</subfield>
    <subfield code="b">ill. ;</subfield>
    <subfield code="c">28 cm.</subfield>
  </datafield>
  <datafield tag="504" ind1=" " ind2=" ">
    <subfield code="a">Includes bibliographical references and index.</subfield>
  </datafield>
  <datafield tag="505" ind1="0" ind2=" ">
    <subfield code="a">Forces influencing nursing leadership -- Leadership theory and application for nurse leaders -- Professional practice : a prototype linking nursing in interprofessional teams -- Professional development: an imperative for leadership in nursing and healthcare organizations -- Transformational leadership in an era of healthcare reform -- Organizational structure and accountability -- Strategic planning and change leadership : foundations for organizational -- Effectiveness -- Procuring and sustaining resources -- Maximizing human capital -- Managing performance -- Information management and knowledge development as action for leaders -- Laws, regulation, and health policy shaping administrative practice -- Anticipating and managing risk in a culture of quality, safety, and value -- Leaders achieving sustainable outcomes -- Messaging and disseminating excellence in leadership.</subfield>
  </datafield>
  <datafield tag="650" ind1=" " ind2="7">
    <subfield code="a">Nursing, Supervisory</subfield>
    <subfield code="2">BUEsh</subfield>
    <subfield code="9">36319</subfield>
    <subfield code="z">United States.</subfield>
  </datafield>
  <datafield tag="650" ind1=" " ind2="7">
    <subfield code="a">Nurse Administrators</subfield>
    <subfield code="2">BUEsh</subfield>
    <subfield code="9">36320</subfield>
    <subfield code="z">United States.</subfield>
  </datafield>
  <datafield tag="651" ind1=" " ind2=" ">
    <subfield code="2">BUEsh</subfield>
  </datafield>
  <datafield tag="653" ind1=" " ind2=" ">
    <subfield code="b">NNUR</subfield>
    <subfield code="c">April2017</subfield>
  </datafield>
  <datafield tag="700" ind1="1" ind2=" ">
    <subfield code="a">Roussel, Linda,</subfield>
    <subfield code="e">editor.</subfield>
    <subfield code="9">36321</subfield>
  </datafield>
  <datafield tag="700" ind1="1" ind2=" ">
    <subfield code="a">Harris, James L.</subfield>
    <subfield code="q">(James Leonard),</subfield>
    <subfield code="d">1956-</subfield>
    <subfield code="e">editor.</subfield>
  </datafield>
  <datafield tag="700" ind1="1" ind2=" ">
    <subfield code="a">Patricia L. Thomas,</subfield>
    <subfield code="e">editor.</subfield>
  </datafield>
  <datafield tag="700" ind1="1" ind2=" ">
    <subfield code="a">Thomas, Patricia L.,</subfield>
    <subfield code="d">1961-</subfield>
    <subfield code="e">editor.</subfield>
  </datafield>
  <datafield tag="942" ind1=" " ind2=" ">
    <subfield code="2">ddc</subfield>
  </datafield>
  <datafield tag="999" ind1=" " ind2=" ">
    <subfield code="c">24710</subfield>
    <subfield code="d">24682</subfield>
  </datafield>
  <datafield tag="952" ind1=" " ind2=" ">
    <subfield code="0">0</subfield>
    <subfield code="1">0</subfield>
    <subfield code="2">ddc</subfield>
    <subfield code="4">0</subfield>
    <subfield code="7">0</subfield>
    <subfield code="8">&#x627;&#x64A;&#x645;&#x643;</subfield>
    <subfield code="a">MAIN</subfield>
    <subfield code="b">MAIN</subfield>
    <subfield code="c">1ST</subfield>
    <subfield code="d">2017-04-26</subfield>
    <subfield code="e">Purchase</subfield>
    <subfield code="g">1204.00</subfield>
    <subfield code="h">3673</subfield>
    <subfield code="l">9</subfield>
    <subfield code="m">23</subfield>
    <subfield code="o">362.173068 MAN</subfield>
    <subfield code="p">000041704</subfield>
    <subfield code="r">2025-07-15 00:00:00</subfield>
    <subfield code="s">2024-02-27</subfield>
    <subfield code="v">1505.00</subfield>
    <subfield code="y">BB</subfield>
  </datafield>
</record>
